00434nam a2200145 a 450000100100000000500170001000800410002702000180006804000250008608200150011110000290012624500690015526000370022430000270026100004711620201002053353.0180417s2015 dr a 000 spa d a9789945123531 aDO-SdBNPbspacBNPHU axxxbS939f aSuárez, Manuel Ángel 0aFormación integral, humana y religiosa 3 :. :bnivel primario. aSanto Domingo :bSusaeta,c2015. a128 p. :bil ;c28 cm.